| 000 | 00879nam2a2200241 4500 | ||
|---|---|---|---|
| 001 | rc\2831993 | ||
| 005 | 20260315045159.0 | ||
| 035 | _a(NLR Aleph) 006989928 | ||
| 090 |
_a13572013 _c13572013 |
||
| 100 | _a20110626d1929 u y0rusy50 ca | ||
| 101 | 0 | _arus | |
| 102 | _aRU | ||
| 105 | _ay z ||||| | ||
| 200 | 1 | _aШариковые и роликовые подшипники | |
| 210 | _d1929 | ||
| 461 | 0 |
_1001rc\2831978 _12001#$aИнженерно-Промышленная библиотека$eБ. Серия 4 № V-22-$v№ 37 _95616326 _cМосква _d1929 _nГос. техн. изд-во _oБ. Серия 4 № V-22- _tИнженерно-Промышленная библиотека _v№ 37 |
|
| 700 | 1 |
_aБеер _bГ. |
|
| 701 | 1 |
_aГольке _bМ. |
|
| 801 | 0 |
_aRU _bNLR _gpsbo |
|
| 801 | 1 |
_aRU _bELAR _2rusmarc |
|
| 852 |
_aNLR _j17.148.1.39 |
||
| 942 | _cUNSPEC | ||
| 980 | _aNB | ||